[Event "Challenge"]
[Site "http://www.queenalice.com/game.php?id=203261"]
[Date "2007.4.27"]
[Round "-"]
[White "ENDHER"]
[Black "GoodKnight"]
[Result "1-0"]
[WhiteElo "2368"]
[BlackElo "2244"]

1. c4 e6 2. d4 d5 3. Nc3 c6 4. e4 dxe4 5. Nxe4 Bb4+ 6. Bd2 Qxd4 7. Bxb4 Qxe4+ 8.
Ne2 Na6 9. Bf8 Ne7 10. Bxg7 Nb4 11. Bxh8 e5 12. Qb3 Nc2+ 13. Kd2 Nxa1 14. Qd3
Qg4 15. Ng3 Bf5 16. Be2 Qf4+ 17. Qe3 O-O-O+ 18. Kc3 Bg6 19. Bxe5 Qxe3+ 20. fxe3
Nc2 21. e4 Ne3 22. Rg1 b5 23. cxb5 cxb5 24. Bxb5 Kb7 25. Bd4 Rc8+ 26. Kb3 Nc2
27. Bf6 Nc6 28. Kxc2 Nd4+ 29. Kd3 Nxb5 30. Rf1 Nd6 31. Rf4 Kc6 32. Nf5 Kd7 33.
g4 a6 34. h4 Bxf5 35. gxf5 Rc4 36. a3 h5 37. b3 Rc5 38. e5 Rd5+ 39. Ke3 Ne8 40.
Rd4 Kc6 41. Rxd5 Kxd5 42. Kf4 Kd4 43. Kg5 1-0

[Event "Challenge"]
[Site "http://www.queenalice.com/game.php?id=203682"]
[Date "2007.4.28"]
[Round "-"]
[White "GoodKnight"]
[Black "vlad"]
[Result "0-1"]
[WhiteElo "2231"]
[BlackElo "2499"]

1. e4 c5 2. Nf3 d6 3. Bb5+ Nd7 4. d4 Nf6 5. Nc3 cxd4 6. Qxd4 e5 7. Qd3 h6 8. Be3
Be7 9. Bc4 O-O 10. O-O Nb6 11. Bb3 Be6 12. Nd2 Rc8 13. Rfe1 a6 14. Bxb6 Qxb6 15.
Nf1 g6 16. Rad1 Kg7 17. Ne3 Qc5 18. Ncd5 Bxd5 19. Bxd5 b5 20. Qb3 a5 21. a3 Nd7
22. c3 Nb6 23. Bb7 Rb8 24. Bd5 Bg5 25. Qa2 a4 26. Rd3 f5 27. exf5 Bxe3 28. Rexe3
Rxf5 29. Bf3 Re8 30. Be4 Rf4 31. g3 Rf6 32. Rf3 Rxf3 33. Rxf3 d5 34. Bd3 e4 35.
Re3 Qxe3 36. fxe3 exd3 37. b3 axb3 38. Qxb3 Rxe3 39. Kf2 Re2+ 40. Kf1 Nc4 0-1

[Event "Challenge"]
[Site "http://www.queenalice.com/game.php?id=204829"]
[Date "2007.5.1"]
[Round "-"]
[White "GoodKnight"]
[Black "Bergman"]
[Result "0-1"]
[WhiteElo "2247"]
[BlackElo "2475"]

1. e4 c5 2. Nf3 d6 3. Bb5+ Bd7 4. Bxd7+ Nxd7 5. c4 Ngf6 6. Nc3 g6 7. O-O Bg7 8.
d3 O-O 9. Ng5 Ne5 10. f4 Nc6 11. f5 Qd7 12. Bd2 e6 13. Qe1 Nd4 14. fxe6 fxe6 15.
Qg3 a6 16. Qh3 h5 17. Rae1 Ng4 18. Bf4 Nc2 19. Re2 Bd4+ 20. Kh1 Nb4 21. a3 Nc6
22. g3 Bf6 23. Qh4 Qe7 24. Kg2 Nd4 25. Rd2 Rad8 26. b4 Ne5 27. Rdf2 Nxd3 28.
bxc5 dxc5 29. Kg1 Nxf2 30. Rxf2 Nc6 0-1

[Event "Challenge"]
[Site "http://www.queenalice.com/game.php?id=204837"]
[Date "2007.5.1"]
[Round "-"]
[White "Bergman"]
[Black "GoodKnight"]
[Result "1-0"]
[WhiteElo "2489"]
[BlackElo "2249"]

1. e4 e5 2. Nf3 Nc6 3. Bb5 Nf6 4. O-O Nxe4 5. d4 Nd6 6. Bxc6 dxc6 7. dxe5 Nf5 8.
Qxd8+ Kxd8 9. Nc3 Ke8 10. Rd1 Be6 11. h3 Bb4 12. a3 Bxc3 13. bxc3 Bc4 14. Re1
Bd5 15. Nd4 Nxd4 16. cxd4 Kd7 17. Rb1 b6 18. Bd2 Rhe8 19. f3 h6 20. Kf2 Rad8 21.
g4 a5 22. h4 Bc4 23. Bc3 Ke6 24. h5 Kd5 25. Re4 Ba6 26. Rg1 Bb7 27. Rf4 Rd7 28.
g5 Kc4 29. Ba1 c5 30. d5+ Kxd5 31. e6 fxe6 32. Rd1+ Kc6 33. Rxd7 Kxd7 34. Bxg7
hxg5 35. Rf6 Ke7 36. h6 Rg8 37. Rg6 Kf7 38. Rxg5 b5 39. Rg4 1-0

[Event "Challenge"]
[Site "http://www.queenalice.com/game.php?id=207989"]
[Date "2007.5.8"]
[Round "-"]
[White "bronenosec"]
[Black "GoodKnight"]
[Result "1/2-1/2"]
[WhiteElo "2145"]
[BlackElo "2236"]

1. f3 e5 2. Kf2 d5 3. e3 Nf6 4. d4 Bd6 5. dxe5 Bxe5 6. g4 d4 7. exd4 Bxd4+ 8.
Kg2 O-O 9. Ne2 Be5 10. Qxd8 Rxd8 11. Na3 Nc6 12. Nc4 Nd5 13. Nxe5 Nxe5 14. Nc3
Nxc3 15. bxc3 Bd7 16. Kg3 Nxf3 17. Bg2 Ne5 18. Bf4 Re8 19. Bxb7 Rab8 20. Rab1
Nxg4 21. Bf3 Nf6 22. Rxb8 Rxb8 23. Bxc7 Rb2 24. Be5 Kf8 25. a3 Ke7 26. Rc1 a5
1/2-1/2

[Event "Challenge"]
[Site "http://www.queenalice.com/game.php?id=216959"]
[Date "2007.5.27"]
[Round "-"]
[White "Kaupauki"]
[Black "GoodKnight"]
[Result "1-0"]
[WhiteElo "2406"]
[BlackElo "2238"]

1. e4 e5 2. Nf3 Nc6 3. d4 exd4 4. Nxd4 Nf6 5. Nxc6 bxc6 6. e5 Qe7 7. Qe2 Nd5 8.
c4 Ba6 9. b3 O-O-O 10. g3 g5 11. Bb2 Bg7 12. Nd2 Nb4 13. O-O-O Nxa2+ 14. Kb1 Nb4
15. Bh3 Bb7 16. Rhe1 h5 17. Bf5 g4 18. f4 Qc5 19. Ne4 Qa5 20. Bc3 Qa3 21. Qb2
Qa5 22. Ng5 Rhf8 23. Bxd7+ Kb8 24. Qa1 Qb6 25. e6 Bxc3 26. Qxc3 fxe6 27. Nxe6
Qa5 28. Nxf8 Rxf8 29. Rd2 Rg8 30. Qe5 1-0

[Event "Challenge"]
[Site "http://www.queenalice.com/game.php?id=218026"]
[Date "2007.5.29"]
[Round "-"]
[White "richerby"]
[Black "GoodKnight"]
[Result "0-1"]
[WhiteElo "2002"]
[BlackElo "2225"]

1. d4 d5 2. c4 e6 3. Nc3 c6 4. Nf3 Nf6 5. e3 Nbd7 6. Bd3 dxc4 7. Bxc4 b5 8. Bd3
Bd6 9. O-O O-O 10. b3 b4 11. Ne4 Nxe4 12. Bxe4 Bb7 13. Qc2 f5 14. Bd3 c5 15. e4
cxd4 16. Nxd4 Nc5 17. exf5 Bxh2+ 18. Kxh2 Qxd4 19. Be3 Qd5 20. f3 Nxd3 21. Rad1
Ba6 22. fxe6 Qe5+ 0-1

[Event "Try Again"]
[Site "http://www.queenalice.com/game.php?id=222501"]
[Date "2007.6.8"]
[Round "-"]
[White "technicaldraw"]
[Black "GoodKnight"]
[Result "0-1"]
[WhiteElo "1865"]
[BlackElo "2234"]

1. e4 e5 2. Nf3 Nc6 3. Bb5 Nf6 4. O-O Nxe4 5. d4 Nd6 6. Bxc6 dxc6 7. dxe5 Nf5 8.
Qxd8+ Kxd8 9. Nc3 Ke8 10. Bf4 Be7 11. Rfe1 Be6 12. g4 Nh4 13. Nxh4 Bxh4 14. h3
h5 0-1

[Event "Another Game"]
[Site "http://www.queenalice.com/game.php?id=224684"]
[Date "2007.6.14"]
[Round "-"]
[White "GoodKnight"]
[Black "Sidinei"]
[Result "0-1"]
[WhiteElo "2249"]
[BlackElo "2268"]

1. e4 e5 2. Nf3 Nc6 3. d4 exd4 4. Nxd4 Nf6 5. Nxc6 bxc6 6. e5 Qe7 7. Qe2 Nd5 8.
c4 Ba6 9. b3 Qh4 10. a3 Bc5 11. g3 Bxf2+ 12. Qxf2 Qe4+ 13. Kd2 Qxh1 14. Bg2 Qxh2
15. cxd5 cxd5 16. Nc3 Rb8 17. Bb2 Qh6+ 18. Ke1 O-O 19. b4 c6 20. Qxa7 Bc4 21.
Nd1 f6 22. Qe3 Qg6 23. e6 Rbe8 24. Bh3 f5 0-1

[Event "Challenge"]
[Site "http://www.queenalice.com/game.php?id=235433"]
[Date "2007.7.6"]
[Round "-"]
[White "jamesrl"]
[Black "GoodKnight"]
[Result "0-1"]
[WhiteElo "1993"]
[BlackElo "2036"]

1. e4 e5 2. Nf3 Nc6 3. Bc4 Bc5 4. b4 Bxb4 5. c3 Ba5 6. Ba3 d6 7. O-O Nf6 8. d4
O-O 9. dxe5 Nxe4 10. Qc2 Ng5 11. Nxg5 Qxg5 12. exd6 Bf5 13. Bd3 Bxd3 14. Qxd3
cxd6 15. Bxd6 Rfd8 16. Qg3 Qxg3 17. Bxg3 Re8 18. Rc1 Re2 19. Na3 Rae8 20. f3
R8e3 21. Nc4 Bxc3 22. Nxe3 Bxa1 23. Rxa1 Rxe3 24. Bf2 Rc3 0-1